| 000 | 00693cpcaa2200217 4500 | ||
|---|---|---|---|
| 001 | mm 79001361 | ||
| 003 | DLC | ||
| 005 | 20260227111635.0 | ||
| 008 | 790503|||||||||||| eng | ||
| 010 | _amm 79001361 | ||
| 040 |
_aDLC _cDLC _edacs _dDLC |
||
| 072 | 7 |
_aN _2lcmd |
|
| 100 | 1 | _aEvans, R. S. | |
| 245 | 0 | 0 |
_aR.S. Evans memorandum, _fundated. |
| 300 |
_a1 _fitem. |
||
| 506 | 0 | _aOpen to research. | |
| 546 | _aCollection material in English. | ||
| 580 | _aForms part of: Miscellaneous Manuscripts collection. | ||
| 999 |
_c40733 _d40733 |
||